02028nam a2200409 i 4500001000700000003000800007005001700015006001900032007001500051008004100066020001800107035002200125040003100147050002300178080000700201082001500208100004400223245011800267264006700385300004100452336003100493337003300524338004300557505054300600588008301143590016201226650001601388650001501404650001601419650002101435650001701456650001801473655002701491797001801518856006301536999001901599140095FINmELB20241217181341.0m o d | cr cnu||||||||210604s2017 ck o 000 0 spa d z9789587631999 a(OCoLC)1257035465 aFINmELBbspaerdacFINmELB 4aLB1051b.J855 2017 a3704a370.152231 aJuliao Vargas, Carlos Germán,eautor.10aEpistemología, pedagogía y praxeología: relaciones complejas /cCorporación Universitaria Minuto de Dios. 1aBogotá :bCorporación Universitaria Minuto de Dios,c2017. a1 recurso en línea (319 páginas) atextobtxt2rdacontent/spa acomputadorabc2rdamedia/spa arecurso en líneabcr2rdacarrier/spa0 a1. Epistemología, ciencias sociales, complejidades y praxeología: una historia que se mueve 2. Epistemologías de la pedagofía, relación con los saberes y la didáctica 3. La actitud crítica en pedagogía: problemas teóricos y epistemológicos 4. Teorías de la complejidad : sombras y ambiguedades 5. entender la complejidad: hacia una investigación educativa centrada en la reflexión desde y sobre las prácticas 6. Pedagogía y didáctica frente a los cambio de sentido que se generan en la modernidad compleja. aDescripción basada en metadatos suministrados por el editor y otras fuentes. aRecurso electrónico. Santa Fe, Arg.: elibro, 2021. Disponible vía World Wide Web. El acceso puede estar limitado para las bibliotecas afiliadas a elibro. 0aPhilosophy. 0aEducation. 0aPraxeology. 4aEpistemología. 4aPedagogía. 4aPaxeología. 4aLibros electrónicos.2 aelibro, Corp.40uhttps://elibro.net/ereader/politecnicointernacional/126363 c140095d140095